banner-ar

رسالة فى التسامح / (Record no. 52144)

MARC details
000 -الفاتح
حقل البيانات ثابتة الطول 00562nam a2200193Ia 4500
008 - عناصر البيانات ثابتة الطول - معلومات عامة
حقل البيانات ثابتة الطول 140319s9999 xx 000 0 ara d
040 ## - مصدر الفهرسة
وكالة الفهرسة الأصلية GCL /
وكالة النسخ GCL
082 04 - رقم تصنيف ديوى العشرى
رقم التصنيف 170.202
رقم المادة ل ر
100 1# - المدخل الرئيسى - إسم شخصى
الإسم الشخصى منى ابوسنه
245 10 - بيان العنوان
العنوان رسالة فى التسامح /
بيان المسئوليه,etc منى ابوسنه
700 1# - المدخل الاضافى - اسم شخصى
الإسم الشخصى ارنو، جون لوك
300 ## - الوصف المادى
التعداد 69 ص
490 ## - بيان السلسلة
عنوان السلسلة المشروع القومى للترجمة
رقم المجلد/ التعيين التسلسلي 0
650 04 - المدخل الاضافى بالموضوع-مصطلح موضوعى
مصطلح موضوعي الاخلاق
650 04 - المدخل الاضافى بالموضوع-مصطلح موضوعى
مصطلح موضوعي التسامح الدينى
650 04 - المدخل الاضافى بالموضوع-مصطلح موضوعى
مصطلح موضوعي الاخلاق المسيحية
942 ## - عناصر المدخل الإضافي( كوها)
مصدر التصنيف او مخطط الترفيف Dewey Decimal Classification
Koha [default] item type كتاب
Holdings
حالة التراجع حالة الفقد حالة تلف ليس للاعارة المكان المؤقت الموقع الحالى تاريخ الاكتساب اجمالي اﻻعارات رقم الطلب الباركود تاريخ اخر مشاهدة تاريخ تفعيل السعر نوع وعاء كوها
        مكتبة القاهرة الكبرى مكتبة القاهرة الكبرى 03/26/2014   170.202\ل ر 124834 03/26/2014 03/26/2014 كتاب
        مكتبة القاهرة الكبرى مكتبة القاهرة الكبرى 03/26/2014   170.202\ل ر 124835 03/26/2014 03/26/2014 كتاب

Powered By

EGPV